Yleisimmät kemialliset merkit - Statistics

Yleistilastot
  • Tätä visaa on pelattu 83 kertaa
  • Keskiarvotulos 28 / 32
Vastaustilastot
Hint Vastaus % Oikein
Boori B
96%
Litium Li
96%
Vety H
94%
Helium He
94%
Magnesium Mg
94%
Neon Ne
94%
Fluori F
93%
Natrium Na
93%
Happi O
93%
Alumiini Al
91%
Kupari Cu
91%
Rauta Fe
91%
Kalium K
91%
Titaani Ti
91%
Kulta Au
90%
Beryllium Be
90%
Bromi Br
90%
Argon Ar
88%
Hiili C
88%
Kloori Cl
88%
Typpi N
87%
Kalsium Ca
85%
Kromi Cr
85%
Hopea Ag
82%
Rikki S
81%
Sinkki Zn
81%
Fosfori P
78%
Jodi I
75%
Lyijy Pb
73%
Elohopea Hg
69%
Pii Si
67%
Tina Sn
67%
Ehtoja vastaavia visoja ei löytynyt
Tulosjakauma
Jokaisen tuloksen saaneiden osuus
Persentiili vastausten määrän mukaan
Tuloshistoriasi
Et ole pelannut tätä visaa